[Event "Pere Noel"]
[Site "Montreal CAN"]
[Date "2023.12.28"]
[Round "2.1"]
[White "Kot, Emanuel"]
[Black "Rodrigue-Lemieux, Shawn"]
[Result "0-1"]
[WhiteElo "2095"]
[BlackElo "2601"]
[PlyCount "72"]
[EventDate "2023.12.27"]
[EventType "swiss"]
[EventRounds "5"]
[EventCountry "CAN"]

1. e4 a6 2. d4 e6 3. Nf3 d5 4. e5 Bd7 5. c3 Bb5 6. Bd3 Bxd3 7. Qxd3 c5 8. O-O
Nd7 9. a3 Ne7 10. Be3 Nc6 11. Nbd2 Be7 12. Ne1 Qb6 13. b4 cxd4 14. cxd4 Qb5 15.
Nb3 Nb6 16. Nc5 Nc4 17. Nc2 a5 18. a4 Qb6 19. bxa5 N6xa5 20. Rfb1 Qc6 21. Nb3
O-O 22. Nxa5 Rxa5 23. Bd2 Nxd2 24. Qxd2 Rfa8 25. Ne1 Rxa4 26. Rxa4 Rxa4 27. Nf3
b5 28. Qf4 Qc3 29. Ng5 Bxg5 30. Qxg5 h6 31. Qd8+ Kh7 32. Qd7 Qxd4 33. Qxb5 Ra1
34. h3 Qxe5 35. Qd3+ g6 36. g3 Rxb1+ 0-1

[Event "Pere Noel"]
[Site "Montreal CAN"]
[Date "2023.12.30"]
[Round "3.1"]
[White "Rodrigue-Lemieux, Shawn"]
[Black "Clyde, Jordan"]
[Result "1/2-1/2"]
[WhiteElo "2601"]
[BlackElo "2250"]
[PlyCount "177"]
[EventDate "2023.12.27"]
[EventType "swiss"]
[EventRounds "5"]
[EventCountry "CAN"]

1. e4 d6 2. d4 g6 3. Nc3 c6 4. Be3 b5 5. Bd3 a6 6. f4 d5 7. e5 h5 8. Nf3 Bg4 9.
h3 Bxf3 10. Qxf3 e6 11. g4 c5 12. f5 hxg4 13. hxg4 Rxh1+ 14. Qxh1 Ne7 15. fxe6
fxe6 16. Bg5 Qa5 17. Bxe7 Bxe7 18. Bxg6+ Kd7 19. O-O-O Nc6 20. Nxd5 exd5 21.
Qxd5+ Kc7 22. Be4 Qb6 23. dxc5 Qxc5 24. Qd7+ Kb6 25. Bxc6 Ra7 26. Qf5 Qxc6 27.
g5 Ra8 28. Kb1 Rd8 29. Re1 Rf8 30. Qd3 Bxg5 31. e6 Be7 32. a3 Rf6 33. Qe2 Qc4
34. Qe5 Rf2 35. Qe3+ Bc5 36. Qc1 Re2 37. Qd1 Rxe1 38. Qxe1 Be7 39. Qe5 Qc7 40.
Qh8 Qd8 41. Qh1 Qd6 42. Qe4 Kc7 43. a4 bxa4 44. Qxa4 Qxe6 45. Qf4+ Bd6 46. Qf2
Kb7 47. Qg2+ Kb6 48. Qf2+ Bc5 49. Qg3 Qd6 50. Qb3+ Ka7 51. Qf7+ Qe7 52. Qd5 Qd6
53. Qf7+ Kb6 54. Qb3+ Kc7 55. Qf7+ Qe7 56. Qf4+ Kb7 57. Qf3+ Ka7 58. Qd5 Bb6
59. Qc6 Qc5 60. Qd7+ Bc7 61. Qf7 a5 62. Qe6 Be5 63. Qd7+ Ka6 64. Qe6+ Qd6 65.
Qc4+ Ka7 66. Qb5 Qd1+ 67. Ka2 Bc7 68. Qc5+ Kb7 69. Qb5+ Bb6 70. Qc4 Qf3 71. Qb3
Qc6 72. Qf7+ Ka6 73. Qf1+ Qb5 74. Qf7 Qe2 75. Qb3 Qe4 76. Qc3 Kb5 77. Qb3+ Kc6
78. Qc3+ Kd6 79. Qf6+ Kc5 80. Qg5+ Kc6 81. Qf6+ Kb5 82. Qg5+ Bc5 83. Qd2 Qd4
84. Qg2 a4 85. Qe2+ Qc4+ 86. Qxc4+ Kxc4 87. b3+ axb3+ 88. Kb1 bxc2+ 89. Kxc2
1/2-1/2

[Event "Pere Noel"]
[Site "Montreal CAN"]
[Date "2023.12.30"]
[Round "4.3"]
[White "Saha, Ananda"]
[Black "Rodrigue-Lemieux, Shawn"]
[Result "1/2-1/2"]
[WhiteElo "2165"]
[BlackElo "2601"]
[PlyCount "26"]
[EventDate "2023.12.27"]
[EventType "swiss"]
[EventRounds "5"]
[EventCountry "CAN"]

1. d4 Nf6 2. Bg5 d5 3. Bxf6 gxf6 4. c4 e5 5. Nc3 c6 6. e3 Be6 7. Nf3 e4 8. Nd2
a6 9. c5 h5 10. h4 Bg4 11. Be2 Rg8 12. Bxg4 Rxg4 13. g3 Qc8 1/2-1/2

[Event "Pere Noel"]
[Site "Montreal CAN"]
[Date "2023.12.30"]
[Round "5.4"]
[White "Guillemette, Hugo"]
[Black "Rodrigue-Lemieux, Shawn"]
[Result "0-1"]
[WhiteElo "2116"]
[BlackElo "2601"]
[PlyCount "150"]
[EventDate "2023.12.27"]
[EventType "swiss"]
[EventRounds "5"]
[EventCountry "CAN"]

1. e4 c6 2. d4 d5 3. e5 Bf5 4. h4 h5 5. Bd3 Bxd3 6. Qxd3 Qa5+ 7. Nd2 e6 8. Ngf3
Nh6 9. O-O Nf5 10. Nb3 Qa6 11. Qd1 b6 12. Bg5 c5 13. dxc5 bxc5 14. Nbd2 c4 15.
c3 Nd7 16. b3 Nb6 17. bxc4 Nxc4 18. Nd4 Nxd4 19. cxd4 Ba3 20. Nxc4 dxc4 21. d5
exd5 22. Qxd5 O-O 23. Rae1 Rfe8 24. f4 Rac8 25. Qf3 c3 26. f5 Qc6 27. Qg3 Bf8
28. e6 c2 29. exf7+ Kxf7 30. Rxe8 Kxe8 31. Qe5+ Kf7 32. Qe2 Kg8 33. Qxh5 Qb6+
34. Kh1 Qb1 35. Bc1 Qb5 36. Qf3 Rc3 37. Qf2 Qc6 38. f6 Qxf6 39. Qxf6 gxf6 40.
g4 Rd3 41. Kg2 Rd1 42. Kf2 f5 43. g5 f4 44. Ke2 f3+ 45. Rxf3 Rxc1 46. Kd2 Rh1
47. Kxc2 Rxh4 48. Rf5 Rc4+ 49. Kb3 Rc5 50. Rf6 Rxg5 51. Ra6 Rg3+ 52. Kb2 Bc5
53. Ra4 Kf7 54. Re4 Re3 55. Rc4 Bb6 56. Rc6 Ke7 57. Rg6 Kd7 58. Rh6 Re6 59. Rh5
Kc6 60. Rf5 Re5 61. Rf6+ Kb5 62. Rf4 Re2+ 63. Kb3 Re3+ 64. Kb2 Rd3 65. Rg4 Rd4
66. Rg3 Re4 67. Rh3 Re2+ 68. Kb1 Kc4 69. Ra3 Bc5 70. Rh3 Bd4 71. Rb3 Be3 72.
Rb7 Kd3 73. Rd7+ Bd4 74. a3 Rb2+ 75. Kc1 Ra2 0-1

[Event "Titled Tuesday 2023.12 12 Late"]
[Site "chess.com INT"]
[Date "2023.12.12"]
[Round "3"]
[White "Jimenez Almeida, L."]
[Black "Rodrigue-Lemieux, Shawn"]
[Result "0-1"]
[WhiteElo "2208"]
[BlackElo "2502"]
[PlyCount "66"]
[EventDate "2023.12.12"]
[EventType "swiss (blitz)"]
[EventRounds "11"]
[EventCountry "NET"]
[Source "Mark Crowther"]
[SourceDate "2023.12.18"]

1. e4 g6 2. h4 Bg7 3. h5 d5 4. exd5 Qxd5 5. Nc3 Qa5 6. d4 Nc6 7. Be3 Bf5 8. h6
Bf6 9. Bb5 O-O-O 10. Bxc6 bxc6 11. Qf3 Kb7 12. Nge2 e5 13. b4 Qa3 14. Bc1 Qa6
15. b5 Qa5 16. Qxc6+ Kb8 17. Bd2 Qb6 18. Qc4 exd4 19. Na4 Qe6 20. Qc5 d3 21.
Be3 d2+ 22. Kd1 Qe4 23. f3 Qxa4 24. Bf4 Qxc2+ 25. Qxc2 Bxc2+ 26. Kxc2 Bxa1 27.
Rxa1 Ne7 28. Bxd2 Nd5 29. Bg5 f6 30. Bd2 Rhe8 31. Nd4 Nb4+ 32. Kc3 Rxd4 33.
Kxd4 Nc2+ 0-1

[Event "US Masters"]
[Site "Charlotte USA"]
[Date "2023.11.23"]
[Round "1.11"]
[White "Canty, James"]
[Black "Rodrigue-Lemieux, Shawn"]
[Result "1/2-1/2"]
[WhiteElo "2154"]
[BlackElo "2492"]
[PlyCount "61"]
[EventDate "2023.11.24"]
[EventType "swiss"]
[EventRounds "9"]
[EventCountry "USA"]
[Source "ChessMix"]
[SourceDate "2023.12.01"]
[TimeControl "5400+30"]

1. d4 {[%emt 0:03:03]} Nf6 {[%emt 0:00:11]} 2. Nc3 {[%emt 0:00:03]} d5 {
[%emt 0:00:18]} 3. Bf4 {[%emt 0:00:04]} a6 {[%emt 0:07:59]} 4. e3 {
[%emt 0:00:16]} e6 {[%emt 0:00:19]} 5. g4 {[%emt 0:00:04]} c5 {[%emt 0:03:06]}
6. g5 {[%emt 0:00:46]} Nfd7 {[%emt 0:00:09]} 7. Qf3 {[%emt 0:00:26]} Nc6 {
[%emt 0:03:40]} 8. Nge2 {[%emt 0:01:43]} b5 {[%emt 0:04:55]} 9. h4 {
[%emt 0:02:27]} Bb7 {[%emt 0:13:11]} 10. h5 {[%emt 0:04:02]} b4 {[%emt 0:05:48]
} 11. Na4 {[%emt 0:01:43]} Qa5 {[%emt 0:14:01]} 12. b3 {[%emt 0:00:03]} Be7 {
[%emt 0:16:00]} 13. Qg3 {[%emt 0:05:32]} O-O-O {[%emt 0:02:53]} 14. Bh3 {
[%emt 0:02:37]} Rde8 {[%emt 0:01:59]} 15. O-O {[%emt 0:01:58]} Bd8 {
[%emt 0:03:34]} 16. c3 {[%emt 0:05:33]} f6 {[%emt 0:03:24]} 17. cxb4 {
[%emt 0:00:17]} cxb4 {[%emt 0:01:00]} 18. Rac1 {[%emt 0:06:23]} fxg5 {
[%emt 0:00:02]} 19. Bd6 {[%emt 0:02:54]} Bc7 {[%emt 0:00:27]} 20. Nc5 {
[%emt 0:02:21]} Bxd6 {[%emt 0:07:25]} 21. Qxd6 {[%emt 0:02:10]} Qc7 {
[%emt 0:00:02]} 22. Qxc7+ {[%emt 0:01:10]} Kxc7 {[%emt 0:00:02]} 23. Nxe6+ {
[%emt 0:00:10]} Kb6 {[%emt 0:01:45]} 24. Nxg5 {[%emt 0:01:35]} Nf6 {
[%emt 0:01:28]} 25. Nf4 {[%emt 0:00:24]} Re7 {[%emt 0:03:36]} 26. Bg2 {
[%emt 0:01:49]} Na7 {[%emt 0:00:16]} 27. Bf3 {[%emt 0:06:37]} Nb5 {
[%emt 0:00:13]} 28. Rc5 {[%emt 0:01:08]} Rd8 {[%emt 0:00:18]} 29. Rfc1 {
[%emt 0:01:54]} a5 {[%emt 0:01:10]} 30. Nge6 {[%emt 0:02:44]} Rd6 {
[%emt 0:00:32]} 31. Ng5 {[%emt 0:02:14]} 1/2-1/2

[Event "US Masters"]
[Site "Charlotte USA"]
[Date "2023.11.25"]
[Round "5.5"]
[White "Zhou, Jianchao"]
[Black "Rodrigue-Lemieux, Shawn"]
[Result "1-0"]
[WhiteElo "2557"]
[BlackElo "2492"]
[PlyCount "87"]
[EventDate "2023.11.24"]
[EventType "swiss"]
[EventRounds "9"]
[EventCountry "USA"]
[Source "ChessMix"]
[SourceDate "2023.12.01"]
[TimeControl "5400+30"]

1. c4 {[%emt 0:00:37]} Nf6 {[%emt 0:05:07]} 2. Nf3 {[%emt 0:02:35]} e6 {
[%emt 0:00:09]} 3. g3 {[%emt 0:00:41]} d5 {[%emt 0:00:07]} 4. Bg2 {
[%emt 0:00:07]} Be7 {[%emt 0:00:06]} 5. d4 {[%emt 0:00:12]} O-O {[%emt 0:00:10]
} 6. Qc2 {[%emt 0:00:09]} c5 {[%emt 0:02:15]} 7. dxc5 {[%emt 0:00:55]} d4 {
[%emt 0:09:00]} 8. b4 {[%emt 0:01:16]} a5 {[%emt 0:01:48]} 9. b5 {
[%emt 0:01:48]} Bxc5 {[%emt 0:00:32]} 10. Nbd2 {[%emt 0:02:58]} Nbd7 {
[%emt 0:05:09]} 11. a4 {[%emt 0:06:41]} e5 {[%emt 0:03:39]} 12. O-O {
[%emt 0:00:33]} Ra7 {[%emt 0:11:06]} 13. Nb3 {[%emt 0:03:05]} Re8 {
[%emt 0:02:28]} 14. Nxc5 {[%emt 0:04:13]} Nxc5 {[%emt 0:00:16]} 15. Ba3 {
[%emt 0:01:04]} b6 {[%emt 0:01:28]} 16. Bxc5 {[%emt 0:02:21]} bxc5 {
[%emt 0:00:04]} 17. Nd2 {[%emt 0:00:42]} Be6 {[%emt 0:08:29]} 18. Rfe1 {
[%emt 0:05:06]} Nd7 {[%emt 0:04:09]} 19. Bc6 {[%emt 0:08:31]} Qe7 {
[%emt 0:04:00]} 20. e3 {[%emt 0:00:54]} Rc8 {[%emt 0:02:26]} 21. exd4 {
[%emt 0:01:58]} exd4 {[%emt 0:00:37]} 22. Bd5 {[%emt 0:03:04]} Nf8 {
[%emt 0:02:46]} 23. Nf3 {[%emt 0:02:21]} Qf6 {[%emt 0:04:40]} 24. Bxe6 {
[%emt 0:00:22]} Nxe6 {[%emt 0:00:13]} 25. Qd3 {[%emt 0:01:17]} g6 {
[%emt 0:04:52]} 26. Re5 {[%emt 0:01:47]} Re7 {[%emt 0:02:02]} 27. h4 {
[%emt 0:02:41]} Nf8 {[%emt 0:01:05]} 28. Rxe7 {[%emt 0:00:48]} Qxe7 {
[%emt 0:03:03]} 29. Re1 {[%emt 0:00:04]} Qd6 {[%emt 0:00:38]} 30. Qd2 {
[%emt 0:14:17]} Nd7 {[%emt 0:01:37]} 31. Qxa5 {[%emt 0:05:33]} Nb6 {
[%emt 0:00:49]} 32. Qa6 {[%emt 0:08:22]} Ra8 {[%emt 0:00:05]} 33. Qb7 {
[%emt 0:00:34]} Rb8 {[%emt 0:02:05]} 34. Qe7 {[%emt 0:01:37]} Qxe7 {
[%emt 0:02:49]} 35. Rxe7 {[%emt 0:01:32]} Ra8 {[%emt 0:05:44]} 36. Rc7 {
[%emt 0:02:58]} Nxa4 {[%emt 0:02:46]} 37. Ne5 {[%emt 0:01:04]} f6 {
[%emt 0:08:01]} 38. Nd7 {[%emt 0:03:22]} Rd8 {[%emt 0:02:04]} 39. Nxf6+ {
[%emt 0:00:05]} Kf8 {[%emt 0:00:01]} 40. Nxh7+ {[%emt 0:00:19]} Ke8 {
[%emt 0:00:01]} 41. Nf6+ {[%emt 0:00:26]} Kf8 {[%emt 0:00:00]} 42. Rd7 {
[%emt 0:00:19]} Rc8 {[%emt 0:01:34]} 43. Rh7 {[%emt 0:03:00]} d3 {
[%emt 0:00:43]} 44. Kf1 {[%emt 0:02:00]} 1-0

[Event "Wch U20"]
[Site "Mexico City MEX"]
[Date "2023.09.21"]
[Round "1.18"]
[White "Ccerhuayo Escobedo, Mels Leopold"]
[Black "Rodrigue-Lemieux, Shawn"]
[Result "0-1"]
[WhiteElo "1889"]
[BlackElo "2485"]
[PlyCount "156"]
[EventDate "2023.09.21"]
[EventType "swiss"]
[EventRounds "11"]
[EventCountry "MEX"]
[Source "Mark Crowther"]
[SourceDate "2023.09.25"]

1. e4 c6 2. d4 d5 3. Nc3 dxe4 4. Nxe4 Nf6 5. Nxf6+ exf6 6. Bc4 Qe7+ 7. Qe2 Be6
8. Bxe6 Qxe6 9. Nf3 Bd6 10. Bd2 Nd7 11. c4 O-O 12. Qxe6 fxe6 13. Bc3 Kf7 14. h4
b5 15. c5 Bc7 16. a4 a5 17. axb5 cxb5 18. O-O b4 19. Bd2 Rad8 20. Rfc1 Nb8 21.
c6 Rd5 22. g3 Rc8 23. Rc4 h6 24. Rac1 Ke7 25. Kg2 g5 26. Be3 Na6 27. hxg5 hxg5
28. Rh1 Rf8 29. b3 Bb6 30. Rh7+ Rf7 31. Rh8 Rd8 32. Rh6 Rg7 33. Nd2 Nc7 34. Ne4
Nd5 35. Bd2 Bc7 36. Nc5 Bb6 37. Ne4 Rc8 38. Kf1 Rf8 39. Ke2 Bc7 40. Bc1 Ra8 41.
Bd2 Rd8 42. Rc1 Rc8 43. Rch1 Bb6 44. Rh7 Kf8 45. Rh8+ Rg8 46. R8h6 Bxd4 47. Kd3
Bb2 48. Rh7 Rxc6 49. Ra7 Rc7 50. Rxa5 Kg7 51. Nc5 Kg6 52. Nxe6 Rd7 53. Kc2 Bc3
54. Nc5 Re7 55. Bxc3 bxc3 56. Nd3 Re2+ 57. Kc1 Rd8 58. Rd1 c2 59. Re1 Rxe1+ 60.
Nxe1 Nb4 61. Nxc2 Rc8 62. Ra4 Nxc2 63. Kd2 Kf5 64. f3 Rc6 65. Ra5+ Ke6 66. Ra4
Kd5 67. Ra5+ Kd6 68. Ra4 Kc7 69. f4 gxf4 70. gxf4 Kd6 71. Kd3 f5 72. b4 Ne1+
73. Ke2 Ng2 74. b5 Rb6 75. Rd4+ Kc5 76. Rd8 Nxf4+ 77. Kf3 Ne6 78. Rc8+ Kd6 0-1

[Event "Wch U20"]
[Site "Mexico City MEX"]
[Date "2023.09.22"]
[Round "2.17"]
[White "Rodrigue-Lemieux, Shawn"]
[Black "Campos Gomez, Manuel"]
[Result "1-0"]
[WhiteElo "2485"]
[BlackElo "2287"]
[PlyCount "127"]
[EventDate "2023.09.21"]
[EventType "swiss"]
[EventRounds "11"]
[EventCountry "MEX"]
[Source "Mark Crowther"]
[SourceDate "2023.09.25"]

1. e4 Nf6 2. e5 Nd5 3. d4 d6 4. Nf3 dxe5 5. Nxe5 c6 6. h3 g6 7. Bc4 Bg7 8. O-O
O-O 9. Re1 Be6 10. Na3 Nd7 11. Nf3 Nc7 12. c3 Re8 13. Bg5 Bxc4 14. Nxc4 Nb6 15.
Na5 Qd5 16. b4 Nc4 17. Nxb7 e5 18. dxe5 Nxe5 19. Nxe5 Rxe5 20. Be3 Re7 21. Qc2
Nb5 22. Rad1 Qc4 23. Na5 Qxc3 24. Rc1 Re6 25. Nxc6 Qxc2 26. Rxc2 Bc3 27. Rec1
Rxc6 28. a4 Rd6 29. Bc5 Rd7 30. axb5 Bd4 31. Rd2 Rad8 32. Kf1 Be5 33. Rxd7 Rxd7
34. Ke2 Rb7 35. Rd1 Bf6 36. Kd3 Rxb5 37. Kc4 Rb7 38. Re1 Kg7 39. Re8 g5 40. Ra8
Rd7 41. Rxa7 Rd2 42. b5 Rc2+ 43. Kd5 Rd2+ 44. Kc6 Rc2 45. b6 Bd4 46. Ra5 Bxf2
47. b7 Bg3 48. Ra3 Bb8 49. Ra8 Bg3 50. Rd8 Kg6 51. Rd6+ Bxd6 52. Kxd6 Rb2 53.
Kc6 Rxb7 54. Kxb7 Kf5 55. Kc6 Kf4 56. Bf2 f5 57. Kd5 h5 58. Kd4 g4 59. h4 g3
60. Be1 Kg4 61. Ke3 f4+ 62. Ke4 Kxh4 63. Kf3 Kg5 64. Bd2 1-0

[Event "Wch U20"]
[Site "Mexico City MEX"]
[Date "2023.09.22"]
[Round "3.13"]
[White "Flores Quillas, Diego Saul Rodri"]
[Black "Rodrigue-Lemieux, Shawn"]
[Result "1/2-1/2"]
[WhiteElo "2357"]
[BlackElo "2485"]
[PlyCount "84"]
[EventDate "2023.09.21"]
[EventType "swiss"]
[EventRounds "11"]
[EventCountry "MEX"]
[Source "Mark Crowther"]
[SourceDate "2023.09.25"]

1. e4 c6 2. d4 d5 3. Nc3 dxe4 4. Nxe4 Nf6 5. Nxf6+ exf6 6. c3 Bf5 7. Ne2 Bd6 8.
Ng3 Be6 9. Bd3 O-O 10. O-O g6 11. Be3 Nd7 12. c4 Nb6 13. b3 f5 14. Qd2 Re8 15.
Ne2 Bf8 16. Rac1 a5 17. Rfd1 a4 18. Nf4 axb3 19. axb3 Ra3 20. Qb2 Ra8 21. Qd2
Ra3 22. Rb1 Bc8 23. d5 cxd5 24. c5 d4 25. Bb5 Rxe3 26. fxe3 Bxc5 27. exd4 Bd6
28. Rf1 Nd7 29. Bc4 Nf6 30. Rbe1 b5 31. Bxb5 Rxb3 32. Bc4 Rb4 33. Qc3 Qc7 34.
Rc1 Bxf4 35. Qxb4 Be3+ 36. Kh1 Bxc1 37. Rxc1 Bb7 38. Qc5 Qf4 39. Bxf7+ Kg7 40.
d5 Ne4 41. Qc7 Ng3+ 42. hxg3 Qh6+ 1/2-1/2

[Event "Wch U20"]
[Site "Mexico City MEX"]
[Date "2023.09.23"]
[Round "4.13"]
[White "Rodrigue-Lemieux, Shawn"]
[Black "Royal, Shreyas"]
[Result "0-1"]
[WhiteElo "2485"]
[BlackElo "2407"]
[PlyCount "88"]
[EventDate "2023.09.21"]
[EventType "swiss"]
[EventRounds "11"]
[EventCountry "MEX"]
[Source "Mark Crowther"]
[SourceDate "2023.09.25"]

1. c4 e5 2. Nc3 Nf6 3. Nf3 Nc6 4. e4 Bb4 5. d3 d6 6. a3 Bxc3+ 7. bxc3 O-O 8. g3
Rb8 9. a4 Ne8 10. Nh4 Ne7 11. g4 g6 12. Qf3 f6 13. Qg3 Ng7 14. Be2 Bd7 15. Be3
b6 16. d4 Qe8 17. g5 f5 18. dxe5 fxe4 19. Bg4 Bxg4 20. Qxg4 Nc6 21. Qxe4 Nxe5
22. Qd5+ Qe6 23. Rd1 Nxc4 24. Qxe6+ Nxe6 25. Bc1 b5 26. axb5 Rxb5 27. Rg1 a5
28. Rg4 d5 29. Ng2 a4 30. Ne3 a3 31. Bxa3 Nxa3 32. Nxd5 Kg7 33. Ra4 Nc2+ 34.
Ke2 Rd8 35. c4 Ncd4+ 36. Kf1 Rb2 37. h4 Nf3 38. Ra6 Nf4 39. Rc6 Rb7 40. Rc1
Nxd5 41. cxd5 Rxd5 42. Rxc7+ Rd7 43. Rc8 Nxh4 44. Ra8 Rb5 0-1

[Event "Wch-U20"]
[Site "Mexico City MEX"]
[Date "2023.09.24"]
[Round "5.18"]
[White "Stolyarsky, Yegor"]
[Black "Rodrigue-Lemieux, Shawn"]
[Result "0-1"]
[WhiteElo "2100"]
[BlackElo "2485"]
[PlyCount "64"]
[EventDate "2023.09.21"]
[EventType "swiss"]
[EventRounds "11"]
[EventCountry "MEX"]
[Source "Mark Crowther"]
[SourceDate "2023.10.02"]

1. d4 d5 2. c4 c6 3. Nf3 Nf6 4. g3 Bg4 5. Bg2 e6 6. Ne5 Bf5 7. Nd2 Nbd7 8. Nxd7
Qxd7 9. O-O Rd8 10. c5 Be7 11. b4 O-O 12. Bb2 Qc7 13. f3 Bg6 14. Qe1 b6 15. Nb3
Nd7 16. Bh3 Rfe8 17. e4 dxe4 18. fxe4 e5 19. Bxd7 Qxd7 20. dxe5 Bg5 21. Qe2 Qh3
22. Rae1 Qh6 23. Bc3 bxc5 24. bxc5 Be7 25. Qe3 Qh3 26. Rd1 Qg4 27. Rde1 h5 28.
Qf3 Qe6 29. Rd1 Qc4 30. Rde1 Rd3 31. Re3 Bxc5 32. Nxc5 Qxc5 0-1

[Event "Wch-U20"]
[Site "Mexico City MEX"]
[Date "2023.09.26"]
[Round "6.14"]
[White "Rodrigue-Lemieux, Shawn"]
[Black "Lumachi, Gabriele"]
[Result "1-0"]
[WhiteElo "2485"]
[BlackElo "2399"]
[PlyCount "87"]
[EventDate "2023.09.21"]
[EventType "swiss"]
[EventRounds "11"]
[EventCountry "MEX"]
[Source "Mark Crowther"]
[SourceDate "2023.10.02"]

1. e4 e5 2. Nf3 Nf6 3. Nxe5 d6 4. Nf3 Nxe4 5. Qe2 Qe7 6. d3 Nf6 7. Bg5 Nbd7 8.
Nc3 Qxe2+ 9. Bxe2 h6 10. Bd2 g6 11. O-O-O Bg7 12. h3 a6 13. Rde1 O-O 14. g4 b5
15. g5 hxg5 16. Nxg5 Bb7 17. Rhg1 Rfe8 18. Nd1 Nf8 19. Ne3 Ne6 20. h4 Nf4 21.
Bd1 N6h5 22. Bc3 Bxc3 23. bxc3 Re7 24. Kd2 Rae8 25. Bg4 c5 26. a4 d5 27. axb5
axb5 28. Bxh5 Nxh5 29. d4 b4 30. cxb4 cxd4 31. Ng4 f5 32. Nh2 d3 33. cxd3 Nf4
34. Nhf3 Re2+ 35. Rxe2 Rxe2+ 36. Kc3 Ba6 37. Nd4 Rxf2 38. Nge6 Nxd3 39. Rxg6+
Kf7 40. h5 Bc4 41. Ng5+ Ke8 42. Rg8+ Kd7 43. Rg7+ Ke8 44. Nde6 1-0

[Event "Wch-U20"]
[Site "Mexico City MEX"]
[Date "2023.09.27"]
[Round "7.4"]
[White "Niemann, Hans Moke"]
[Black "Rodrigue-Lemieux, Shawn"]
[Result "1/2-1/2"]
[WhiteElo "2667"]
[BlackElo "2485"]
[PlyCount "125"]
[EventDate "2023.09.21"]
[EventType "swiss"]
[EventRounds "11"]
[EventCountry "MEX"]
[Source "Mark Crowther"]
[SourceDate "2023.10.02"]

1. e4 c6 2. d4 d5 3. e5 Bf5 4. Nf3 e6 5. Be2 Ne7 6. c3 Nd7 7. O-O c5 8. dxc5
Nxc5 9. Nd4 Nc6 10. Bb5 Rc8 11. Nxf5 exf5 12. Nd2 Be7 13. Nf3 O-O 14. Be3 Ne6
15. Qd2 Qc7 16. Qxd5 Rfd8 17. Qb3 f4 18. Bxc6 bxc6 19. Bd2 g5 20. Rae1 c5 21.
Bc1 c4 22. Qc2 Rd3 23. Qe2 Qd7 24. Nd2 Qd5 25. h3 Rd8 26. Nf3 h5 27. Qe4 g4 28.
Qxd5 R8xd5 29. hxg4 hxg4 30. Nh2 g3 31. fxg3 fxg3 32. Ng4 Bc5+ 33. Kh1 Kg7 34.
Be3 Rd8 35. Bxc5 Nxc5 36. Ne3 Rd2 37. Nf5+ Kg8 38. Nd6 Nd3 39. Re3 Nxe5 40. Ne4
Rd1 41. Kg1 Kf8 42. Nxg3 Rxf1+ 43. Nxf1 Nd3 44. b4 Nc1 45. a4 Rd1 46. Rh3 Kg7
47. b5 Nd3 48. Rg3+ Kf8 49. Rg4 Nb2 50. Rh4 Ra1 51. Rh8+ Kg7 52. Ra8 Rxa4 53.
Ne3 Ra5 54. Rb8 Ra3 55. b6 axb6 56. Rxb6 Nd3 57. Nd5 Ra5 58. Rd6 Ra1+ 59. Kh2
Ra2 60. Kg3 Ne1 61. Ne3 Re2 62. Nf5+ Kh7 63. Rh6+ 1/2-1/2

[Event "Wch-U20"]
[Site "Mexico City MEX"]
[Date "2023.09.28"]
[Round "8.11"]
[White "Rodrigue-Lemieux, Shawn"]
[Black "Perez Marimon, Jorge De Jesus"]
[Result "1-0"]
[WhiteElo "2485"]
[BlackElo "2307"]
[PlyCount "45"]
[EventDate "2023.09.21"]
[EventType "swiss"]
[EventRounds "11"]
[EventCountry "MEX"]
[Source "Mark Crowther"]
[SourceDate "2023.10.02"]

1. d4 Nf6 2. Nf3 g6 3. Nbd2 Bg7 4. e4 d6 5. Bd3 O-O 6. O-O Nc6 7. c3 e5 8. Re1
Re8 9. h3 d5 10. Nxe5 Nxe5 11. dxe5 Nxe4 12. Nf3 Nc5 13. Bc2 f6 14. Bf4 fxe5
15. Bxe5 Bxe5 16. Rxe5 Rxe5 17. Nxe5 c6 18. Qd2 Qf8 19. Re1 Bf5 20. Bxf5 gxf5
21. Qg5+ Kh8 22. Ng6+ hxg6 23. Re7 1-0

[Event "Wch-U20"]
[Site "Mexico City MEX"]
[Date "2023.09.29"]
[Round "9.4"]
[White "Budisavljevic, Luka"]
[Black "Rodrigue-Lemieux, Shawn"]
[Result "1-0"]
[WhiteElo "2492"]
[BlackElo "2485"]
[PlyCount "79"]
[EventDate "2023.09.21"]
[EventType "swiss"]
[EventRounds "11"]
[EventCountry "MEX"]
[Source "Mark Crowther"]
[SourceDate "2023.10.02"]

1. e4 c6 2. d4 d5 3. e5 Bf5 4. Nf3 e6 5. Be2 Ne7 6. O-O c5 7. c4 Nbc6 8. dxc5
d4 9. Qb3 Qc7 10. Na3 a6 11. Qa4 Rd8 12. b4 Ng6 13. Bb2 Nf4 14. Rfe1 Nxe2+ 15.
Rxe2 d3 16. Rd2 Rd7 17. Re1 Be7 18. Bc3 O-O 19. h3 Ra8 20. Nb5 Qb8 21. Nd6 Bg6
22. Nd4 Qc7 23. Nxc6 bxc6 24. Bd4 Rdd8 25. Qb3 Rdb8 26. Qc3 Qd7 27. a4 Rf8 28.
Rb2 f6 29. b5 axb5 30. axb5 Bxd6 31. exd6 e5 32. Be3 Rfc8 33. Reb1 Bf5 34. Kh2
h5 35. bxc6 Qxc6 36. Rb7 Qe4 37. Re7 Ra4 38. Rbb7 Rxc4 39. Qb3 Kh8 40. d7 1-0

[Event "Wch-U20"]
[Site "Mexico City MEX"]
[Date "2023.09.30"]
[Round "10.11"]
[White "Rodrigue-Lemieux, Shawn"]
[Black "Dushyant, Sharma"]
[Result "1-0"]
[WhiteElo "2485"]
[BlackElo "2339"]
[PlyCount "125"]
[EventDate "2023.09.21"]
[EventType "swiss"]
[EventRounds "11"]
[EventCountry "MEX"]
[Source "Mark Crowther"]
[SourceDate "2023.10.02"]

1. d4 d5 2. c4 e6 3. Nf3 Nf6 4. g3 Be7 5. Bg2 O-O 6. O-O dxc4 7. Qc2 b5 8. a4
b4 9. Nfd2 Nd5 10. Nxc4 c5 11. dxc5 Ba6 12. e4 Nf6 13. Rd1 Nbd7 14. e5 Nd5 15.
Ne3 Rc8 16. Nxd5 exd5 17. Bxd5 Rxc5 18. Qe4 Nb6 19. Bxf7+ Kxf7 20. Qf3+ Kg8 21.
Rxd8 Rxc1+ 22. Rd1 Rxf3 23. Rxc1 Rd3 24. Rc7 Nd5 25. Rxa7 Rd1+ 26. Kg2 Bd3 27.
a5 g5 28. Kf3 h5 29. h3 Re1 30. Nc3 Rxe5 31. Nxd5 Be4+ 32. Ke2 Bxd5+ 33. Kd3
Bc5 34. Rc7 Bxf2 35. a6 Re3+ 36. Kd2 Re8 37. a7 Bxg3 38. Rc5 Bf4+ 39. Kd3 Bf3
40. Kc4 Kg7 41. Rca5 Ra8 42. Rg1 Kf6 43. Ra6+ Kf5 44. Kxb4 Be3 45. Rga1 Bd2+
46. Kb3 g4 47. Kc2 gxh3 48. Rf1 Kg4 49. Kxd2 h2 50. Ra4+ Kg5 51. Ra5+ Kg4 52.
Raa1 h1=Q 53. Rxh1 Bxh1 54. Rg1+ Kf4 55. Rxh1 Rxa7 56. Rxh5 Ke4 57. Kc3 Rc7+
58. Kb4 Kd4 59. Ka5 Rb7 60. b4 Kc4 61. b5 Ra7+ 62. Kb6 Rg7 63. Ka6 1-0

[Event "Wch-U20"]
[Site "Mexico City MEX"]
[Date "2023.10.01"]
[Round "11.6"]
[White "Dudin, Gleb"]
[Black "Rodrigue-Lemieux, Shawn"]
[Result "1/2-1/2"]
[WhiteElo "2537"]
[BlackElo "2485"]
[PlyCount "105"]
[EventDate "2023.09.21"]
[EventType "swiss"]
[EventRounds "11"]
[EventCountry "MEX"]
[Source "Mark Crowther"]
[SourceDate "2023.10.02"]

1. Nf3 d5 2. g3 Nf6 3. Bg2 e6 4. O-O Be7 5. d3 O-O 6. a4 c5 7. e4 Nc6 8. e5 Nd7
9. Qe2 Qc7 10. Bf4 b6 11. h4 Bb7 12. h5 h6 13. Re1 Rfc8 14. Nbd2 Nf8 15. c3 a6
16. g4 Nh7 17. Bg3 b5 18. Nb3 c4 19. axb5 axb5 20. Nbd4 Ra5 21. Nxc6 Bxc6 22.
Nd4 cxd3 23. Qxd3 Be8 24. Rxa5 Qxa5 25. b4 Qa3 26. Re3 Rc4 27. Kh2 Ng5 28. f4
Ne4 29. Bxe4 dxe4 30. Qxe4 Bxb4 31. cxb4 Qb2+ 32. Re2 Rxd4 33. Rxb2 Rxe4 34.
Rc2 Rxb4 35. Rc8 Rb2+ 36. Bf2 Kf8 37. Kg1 Ke7 38. Bh4+ f6 39. exf6+ gxf6 40.
Rc7+ Bd7 41. Bxf6+ Kxf6 42. Rxd7 Rb4 43. Kg2 Rxf4 44. Kg3 Ke5 45. Rb7 Rf6 46.
Rxb5+ Kd6 47. g5 hxg5 48. Kg4 Ke7 49. Rb7+ Kf8 50. Kxg5 Rf7 51. Rb6 Kg7 52.
Rxe6 Ra7 53. h6+ 1/2-1/2